County Capitals of Ireland - Statistics

General Stats
  • This quiz has been taken 2,497 times
  • The average score is 20 of 32
Answer Stats
County Capital Town % Correct
Cork Cork City
95%
Dublin Dublin City
90%
Limerick Limerick City
88%
Waterford Waterford
82%
Galway Galway City
80%
Clare Ennis
79%
Kerry Tralee
77%
Kilkenny Kilkenny
75%
Carlow Carlow
74%
Sligo Sligo
71%
Wexford Wexford
71%
Longford Longford
68%
Wicklow Wicklow
68%
Antrim Belfast City
66%
Derry Londonderry
62%
Kildare Naas
60%
Roscommon Roscommon
60%
Cavan Cavan
59%
Louth Dundalk
59%
Armagh Armagh
53%
Mayo Castlebar
53%
Meath Navan
52%
Laois Portlaoise
52%
Monaghan Monaghan
51%
Tipperary Clonmel
50%
Westmeath Mullingar
50%
Offaly Tullamore
49%
Leitrim Carrick-on-Shannon
46%
Tyrone Omagh
41%
Fermanagh Enniskillen
35%
Donegal Lifford
27%
Down Downpatrick
26%
No matching quizzes found
Score Distribution
Percent of People with Each Score
Percentile by Number Answered
Your Score History
You have not taken this quiz